Strategia zarzadzania przedsiebiorstwem

Na minha lista:
Detalhes bibliográficos
Formato: Livro
Idioma:polonês
Publicado em: Poznan Akademia Ekon. 1991
Edição:1. wyd.
Colecção:Zeszyty naukowe Zeszyt 160
Tags: Adicionar Tag
Sem tags, seja o primeiro a adicionar uma tag!

MARC

LEADER 00000nam a2200000 4500
001 c040267
005 20260121072129.8
041 0 |a pol 
044 |a PL 
245 1 0 |a Strategia zarzadzania przedsiebiorstwem 
250 |a 1. wyd. 
264 1 |a Poznan  |b Akademia Ekon.  |c 1991 
300 |a 81 s. 
490 1 |a Zeszyty naukowe  |v Zeszyt 160 
830 0 |a Zeszyty naukowe  |v Zeszyt 160